Banca 93 : (Registro nro. 11988)
[ vista simple ]
| 000 -LEADER | |
|---|---|
| fixed length control field | 01216nam a2200229Ia 4500 |
| 003 - CONTROL NUMBER IDENTIFIER | |
| control field | OSt |
| 005 - DATE AND TIME OF LATEST TRANSACTION | |
| control field | 20210721102255.0 |
| 008 - FIXED-LENGTH DATA ELEMENTS--GENERAL INFORMATION | |
| fixed length control field | 210310s1993 ck gf 000 0 spa d |
| 020 ## - INTERNATIONAL STANDARD BOOK NUMBER | |
| International Standard Book Number | 9589040225 |
| 040 ## - CATALOGING SOURCE | |
| Original cataloging agency | CO-JMCR |
| Transcribing agency | CO-JMCR |
| 041 0# - LANGUAGE CODE | |
| Language code of text/sound track or separate title | spa |
| 082 ## - DEWEY DECIMAL CLASSIFICATION NUMBER | |
| Classification number | 332.0986 / |
| Item number | C766c |
| Edition number | 23 |
| 111 2# - MAIN ENTRY--MEETING NAME | |
| Meeting name or jurisdiction name as entry element | Convención Bancaria y de Entidades Financieras |
| Number of part/section/meeting | (28 a : |
| Date of meeting or treaty signing | 1993 : |
| Location of meeting | Cartagena) |
| 9 (RLIN) | 38589 |
| 245 00 - TITLE STATEMENT | |
| Title | Banca 93 : |
| Remainder of title | memorias de la XXVIII Convención Bancaria y de Entidades Financieras, Cartagena, mayo 20 y 21 de 1993 |
| 260 ## - PUBLICATION, DISTRIBUTION, ETC. | |
| Place of publication, distribution, etc. | Cartagena, Colombia : |
| Name of publisher, distributor, etc. | Asociación Bancaria y de entidades Financieras de Colombia, |
| Date of publication, distribution, etc. | 1993. |
| 300 ## - PHYSICAL DESCRIPTION | |
| Extent | 233 páginas : |
| Dimensions | 24 cm. |
| 490 0# - SERIES STATEMENT | |
| Series statement | Banca ; |
| Volume/sequential designation | 93 |
| 505 0# - FORMATTED CONTENTS NOTE | |
| Formatted contents note | Sesión de instalación. -- Supervisión comprensiva y consolidado. -- El fidecomiso como instrumento de apoyo en el manejo de proyectos de infraestructura concesionada en México. -- Hacia una mayor liberación norteamericana. -- La banca cooperativa en el nuevo marco de apertura y desregulación. -- Reformas financieras en América Latina. |
| 650 14 - SUBJECT ADDED ENTRY--TOPICAL TERM | |
| Topical term or geographic name entry element | Instituciones financieras |
| Form subdivision | Congresos, conferencias |
| Geographic subdivision | Colombia |
| 9 (RLIN) | 26984 |
| 650 24 - SUBJECT ADDED ENTRY--TOPICAL TERM | |
| Topical term or geographic name entry element | Bancos |
| Form subdivision | Congresos, conferencias |
| Geographic subdivision | Colombia |
| 9 (RLIN) | 38590 |
| 942 ## - ADDED ENTRY ELEMENTS (KOHA) | |
| Source of classification or shelving scheme | Dewey Decimal Classification |
| Koha item type | Books |
| Withdrawn status | Lost status | Source of classification or shelving scheme | Damaged status | Not for loan | Home library | Current library | Shelving location | Date acquired | Source of acquisition | Full call number | Barcode | Date last seen | Copy number | Price effective from | Koha item type |
|---|---|---|---|---|---|---|---|---|---|---|---|---|---|---|---|
| Dewey Decimal Classification | Biblioteca Pública José María del Castillo y Rada | Biblioteca Pública José María del Castillo y Rada | General Stacks | 04/15/2018 | Donación | 332.0986 / C766c | 430002290 | 05/16/2024 | Ej.1 | 03/10/2021 | Books |